La tierra y la economía mundial : (Record no. 73356)
[ view plain ]
| 000 -LEADER | |
|---|---|
| campo de control de longitud fija | 01377nam a2200253 i 4500 |
| 001 - NÚMERO DE CONTROL | |
| campo de control | 73356 |
| 003 - IDENTIFICADOR DE NÚMERO DE CONTROL | |
| campo de control | ES-MaACL |
| 005 - FECHA Y HORA DE LA ÚLTIMA TRANSACCIÓN | |
| campo de control | 20250814065126.0 |
| 007 - CAMPO FIJO DE DESCRIPCIÓN FÍSICA--INFORMACIÓN GENERAL | |
| campo de control de longitud fija | t| |
| 008 - DATOS DE LONGITUD FIJA--INFORMACIÓN GENERAL | |
| campo de control de longitud fija | 041001m19541955sp ||||1| spa d |
| 245 03 - MENCIÓN DEL TÍTULO | |
| Título | La tierra y la economía mundial : |
| Resto del título | tratado general de geografía económica / |
| Mención de responsabilidad, etc. | publicado bajo la dirección del Dr. Rudolf Lütgens. |
| 260 ## - PUBLICACIÓN, DISTRIBUCIÓN, ETC. | |
| Lugar de publicación, distribución, etc. | Barcelona : |
| Nombre del editor, distribuidor, etc. | Omega, |
| Fecha de publicación, distribución, etc. | 1954-1955 ( |
| Fabricante | Agustín Núñez) |
| 300 ## - DESCRIPCIÓN FÍSICA | |
| Extensión | 4 v. ; |
| Dimensiones | 25 cm. |
| 505 8# - NOTA DE CONTENIDO CON FORMATO | |
| Nota de contenido con formato | Contiene: I. Los fundamentos geográficos y los problemas de la vida económica / Rudolf Lütgens ; traducción por Claudio Matons Rossi (V, 312 p., 1 lám. pleg.) - II. Los espacios productivos de la economía mundial / Rudolf Lütgens ; traducción por Manuel Scholz (VII, 302 p.) - III. Geografía general agraria e industrial / Erich Otremba ; traducción por Federico Armenter y Manuel Scholz ( XII, 420 p.) - V. El hombre economizante como estructurador de la tierra / Edwin Fels ; traducción por Manuel Scholz (VII, 310 p., 11 lám.) |
| 650 17 - PUNTO DE ACCESO ADICIONAL DE MATERIA--TÉRMINO DE MATERIA | |
| Término de materia o nombre geográfico como elemento de entrada | Geografía económica |
| Fuente del encabezamiento o término | embne |
| 9 (RLIN) | 13077 |
| 700 1# - ENTRADA AGREGADA--NOMBRE PERSONAL | |
| Nombre de persona | Luetgens, Rudolf. |
| 9 (RLIN) | 74644 |
| 700 1# - ENTRADA AGREGADA--NOMBRE PERSONAL | |
| Nombre de persona | Matons Rossi, Claudio. |
| 9 (RLIN) | 79092 |
| 700 1# - ENTRADA AGREGADA--NOMBRE PERSONAL | |
| Nombre de persona | Scholz, Manuel. |
| 9 (RLIN) | 104641 |
| 700 1# - ENTRADA AGREGADA--NOMBRE PERSONAL | |
| Nombre de persona | Otremba, Erich. |
| 9 (RLIN) | 87936 |
| 700 1# - ENTRADA AGREGADA--NOMBRE PERSONAL | |
| Nombre de persona | Armenter de Monasterio, Federico. |
| 9 (RLIN) | 22956 |
| 700 1# - ENTRADA AGREGADA--NOMBRE PERSONAL | |
| Nombre de persona | Fels, Edwin. |
| 9 (RLIN) | 49230 |
| 852 ## - LOCALIZACIÓN | |
| Ubicación | ES-MaACL |
| Número de control de estantería | P-682 |
| Estatus retirado | Estado de pérdida | Estado de daño | No para préstamo | Biblioteca de origen | Biblioteca actual | Ubicación en estantería | Fecha de adquisición | Fuente de adquisición | Total de préstamos | Signatura topográfica completa | Código de barras | Visto por última vez | Precio de reemplazo | Tipo de ítem Koha |
|---|---|---|---|---|---|---|---|---|---|---|---|---|---|---|
| Biblioteca del Ateneo de Madrid | Biblioteca del Ateneo de Madrid | Depósito 2 | 17/01/2008 | P-682 | 1076787 | 23/02/2023 | 23/02/2023 | Libro impreso |
